Ludność chińska za granicą - Statystyki

Ogólne statystyki
  • Ten quiz został rozwiązany 3 781 razy
  • Średni wynik to 15 z 21
Statystyki odpowiedzi
Ludzie Państwo % Poprawnych
3 795 000 Stany Zjednoczone
99%
400 000 Rosja
97%
675 000 Japonia
95%
1 488 000 Kanada
93%
798 000 Korea Południowa
90%
700 000 Francja
87%
466 000 Wielka Brytania
86%
866 000 Australia
85%
2 833 000 Indonezja
84%
971 000 Wietnam
84%
9 393 000 Tajlandia
82%
1 146 000 Filipiny
72%
6 961 000 Malezja
71%
321 000 Włochy
71%
783 000 Kambodża
66%
300 000 Kazachstan
64%
1 638 000 Mjanma
63%
2 548 000 Singapur
62%
350 000 Republika PołudniowejAfryki
48%
1 300 000 Peru
20%
400 000 Wenezuela
16%
Nie znaleziono quizów pasujących do podanych kryteriów
Rozkład punktacji
Procent ludzi z każdym wynikiem
Percentyl według liczby udzielonych odpowiedzi
Twoja historia wyników
Nie rozwiązałeś tego quizu